[Event "Valby K41 Aabent-ch 0809"]
[Site "Valby"]
[Date "2008.11.25"]
[Round "2"]
[White "Gjelstrup, Ole"]
[Black "Eiholt, Bjarne"]
[Result "0-1"]
[WhiteElo "1331"]
[BlackElo "1578"]
[PlyCount "73"]
[EventDate "2008.11.11"]
[EventType "swiss"]
[EventRounds "9"]
[EventCountry "DEN"]
[SourceTitle "EXT 2023"]
[Source "ChessBase"]
[SourceDate "2022.10.05"]
[SourceVersion "1"]
[SourceVersionDate "2022.10.05"]
[SourceQuality "1"]

1. e4 c6 2. d4 d5 3. Nc3 dxe4 4. Bc4 Nf6 5. f3 Bf5 6. Bg5 Nbd7 7. Qd2 h6 8. Bh4 Nb6 9. Bb3 Nbd5 10. 0-0-0 e3 11. Qe1 e6 12. Nxd5 cxd5 13. Ba4+ b5 14. Bxb5+ Ke7 15. Qb4+ Qd6 16. Be1 a5 17. Qa4 Qd8 18. b4 Nd7 19. bxa5 Nb6 20. Qa3+ Kf6 21. Qxe3 Rc8 22. Qe5+ Kg6 23. Bd3 Bd6 24. Qe2 Nc4 25. Bxf5+ exf5 26. Rd3 Ba3+ 27. Rxa3 Nxa3 28. c3 Rb8 29. Qa6+ Kh7 30. Ne2 Qe7 31. Qd3 Rb1+ 32. Kd2 Rb2+ 33. Kd1 Rhb8 34. Bd2 Nc4 35. Bc1 Rb1 36. Qxf5+ g6 37. Qxd5 0-1

[Event "Valby K41 Aabent-ch 0809"]
[Site "Valby"]
[Date "2008.11.11"]
[Round "1"]
[White "Eiholt, Bjarne"]
[Black "Hansen, Peter Steen"]
[Result "0-1"]
[WhiteElo "1578"]
[BlackElo "1124"]
[PlyCount "80"]
[EventDate "2008.11.11"]
[EventType "swiss"]
[EventRounds "9"]
[EventCountry "DEN"]
[SourceTitle "EXT 2023"]
[Source "ChessBase"]
[SourceDate "2022.10.05"]
[SourceVersion "1"]
[SourceVersionDate "2022.10.05"]
[SourceQuality "1"]

1. d4 Nf6 2. c4 e6 3. Nc3 d5 4. Bg5 Be7 5. cxd5 exd5 6. e3 0-0 7. Bd3 h6 8. Bh4 Nbd7 9. Nge2 Ng4 10. Bxe7 Qxe7 11. Nf4 Nb6 12. Nfxd5 Nxd5 13. Nxd5 Qd6 14. Nc3 Re8 15. h3 Nxe3 16. fxe3 Rxe3+ 17. Ne2 Qg3+ 18. Kf1 Qg5 19. Rc1 Qf6+ 20. Ke1 Qh4+ 21. Kd2 Qg5 22. Kc2 Bf5 23. Bxf5 Qxf5+ 24. Kd2 Rd3+ 25. Ke1 Rxd1+ 26. Rxd1 Re8 27. Rd2 Qb1+ 28. Rd1 Qxb2 29. Rd2 Qb1+ 30. Rd1 Qxa2 31. Rd2 Qd5 32. Kf2 Qf5+ 33. Ke1 Re6 34. Rf1 Qe4 35. Kf2 Qe3+ 36. Ke1 Qg3+ 37. Kd1 Qxg2 38. Rg1 Qxh3 39. Rc2 Qd3+ 40. Rd2 Qb1+ 0-1

[Event "Valby K41 Autumn-B"]
[Site "Valby"]
[Date "2008.09.23"]
[Round "3"]
[White "Eiholt, Bjarne"]
[Black "Abildgaard, Kenneth"]
[Result "0-1"]
[WhiteElo "1619"]
[BlackElo "1712"]
[PlyCount "128"]
[EventDate "2008.09.09"]
[EventType "tourn"]
[EventRounds "7"]
[EventCountry "DEN"]
[SourceTitle "EXT 2023"]
[Source "ChessBase"]
[SourceDate "2022.10.05"]
[SourceVersion "1"]
[SourceVersionDate "2022.10.05"]
[SourceQuality "1"]

1. d4 Nf6 2. c4 g6 3. Nc3 Bg7 4. Bf4 d5 5. e3 c6 6. Nf3 Nbd7 7. h3 Nh5 8. Bh2 Nhf6 9. Rc1 Qb6 10. Qc2 dxc4 11. Bxc4 Qb4 12. Bd3 Nd5 13. 0-0 N7f6 14. a3 Qa5 15. Nxd5 Nxd5 16. Ne5 0-0 17. Nc4 Qd8 18. b4 Nb6 19. Na5 Nd5 20. Nb3 Re8 21. Nd2 e5 22. dxe5 Bxe5 23. Bxe5 Rxe5 24. Nf3 Re8 25. Rfe1 Qf6 26. Qc5 Bxh3 27. b5 Bd7 28. Nd4 Ne7 29. bxc6 Nxc6 30. Nb5 Qe5 31. Nd6 Qxc5 32. Rxc5 Re7 33. Rb1 b6 34. Rc3 Re6 35. Nb5 Ne5 36. Nd4 Ree8 37. Ba6 Bc8 38. Bb5 Rd8 39. Rbc1 a6 40. Bc6 Nxc6 41. Nxc6 Re8 42. Nd4 Bb7 43. Nc6 Re4 44. f3 Ra4 45. Ne7+ Kf8 46. Rc7 Re8 47. Nxg6+ hxg6 48. Rxb7 Rxe3 49. Rcc7 Rf4 50. Rxb6 Rxa3 51. Ra7 a5 52. Rb5 a4 53. Rba5 Kg7 54. Kf2 Kh6 55. Ra8 f5 56. Rh8+ Kg7 57. Rha8 Kh6 58. Rh8+ Kg5 59. Rha8 Rh4 60. g3 Rh2+ 61. Kg1 Rha2 62. R5a6 Rb3 63. f4+ Kg4 64. Rxg6+ Kf3 0-1